Statistiques concernant De droite ou de gauche

Cliquez ici pour prendre le quiz!

Statistiques générales

  • Ce quiz a été pris 297 fois
  • Le résultat moyen est 11 sur 17

Statistiques - réponses

HintRéponse% Correct
Le champagneDroite
94%
La F1Droite
94%
Prendre l'avionDroite
91%
Les pâtesGauche
90%
La MarseillaiseDroite
89%
Les mocassinsDroite
88%
Les TNGauche
80%
Un sac EastpakGauche
75%
Un plan culGauche
72%
Didier DeschampsDroite
70%
Pulp FictionGauche
64%
WordDroite
63%
7Gauche
44%
CarsDroite
40%
Les J.OGauche
32%
Le CurlingGauche
29%
Les mathématiquesGauche
27%

Distribution des résultats

Percentile par nombre de réponses

% des personnes avec chaque résultat

Votre développement - résultats

Vous n’avez pas pris ce quiz